000 00873cam a2200265 a 4500
001 9989
003 BD-RjUL
005 20211208234856.0
008 140122s1965 it 100 0 eng d
035 _a(BD-RjUL)10036
040 _aIQU
_cIQU
_dBD-RjUL
_beng
041 _aeng
060 0 0 _aV43
070 0 _aTX345.W68
_b1963
072 0 _aE100
082 0 4 _a338.19
_218
_bWOR 1965
111 2 _aWorld Food Congress
_913402
245 1 0 _aReport of the World Food Congress, Washington, D.C., 4 to 18 June, 1963 /
_nvolume 2 :
_pmajor addresses and speeches
260 _aRome :
_bFood and Agriculture Organization of the United Nations,
_cc1965.
300 _avi, 115 p. ;
_c28 cm.
650 0 _aFood supply
_vCongresses.
_910421
650 0 _aAgriculture
_vCongresses.
_913403
710 2 _aFood and Agriculture Organization of the United Nations.
_95605
942 _2ddc
_cBK
999 _c9989
_d9989